000 00667nam a2200241Ia 4500
003 OSt
005 20220918200348.0
006 a|||||r|||| 00| 0
007 ta
008 220917b |||||||| |||| 00| 0 eng d
024 _a88,504
037 _cTextual
040 _aARTS
_cARTS
_beng
041 _2eng
_aeng
082 _aT4u73:N5, J8
100 _aLazarsfeld Paul F
_993831
245 0 _aAcademic mind
_b social scientists in a time of crisis
260 _c1958
650 _aHIGHER EDUCATION
700 _a Thielens Wagner Jr
_993832
942 _hT4u73:N5, J8
_cTEXL
_2CC
999 _c212192
_d212192